| 000 | 00498nam a2200193Ia 4500 | ||
|---|---|---|---|
| 008 | 180207s9999 xx 000 0 und d | ||
| 020 | _a9780545652056 | ||
| 050 | _bC752 2014 | ||
| 100 | _aConnolly, Kieron | ||
| 245 | _aStories of the constellations : | ||
| 245 | _bmyths and legends on the night skies / | ||
| 245 | _cKieron Connolly. | ||
| 260 | _aNew York : | ||
| 260 | _bScholastic, | ||
| 260 | _c2014 | ||
| 300 | _a96 pages : | ||
| 300 | _bcolor illustration ; | ||
| 300 | _c21cm. | ||
| 999 |
_c355390 _d355390 |
||